Fundamentals of geomorphology / (Record no. 37139)
[ view plain ]
| 000 -LEADER | |
|---|---|
| fixed length control field | 00752nam a2200265 i 4500 |
| 001 - CONTROL NUMBER | |
| control field | 37139 |
| 003 - CONTROL NUMBER IDENTIFIER | |
| rucl marc code | BD-RjUL |
| 005 - DATE AND TIME OF LATEST TRANSACTION | |
| control field | 20211209052600.0 |
| 008 - FIXED-LENGTH DATA ELEMENTS--GENERAL INFORMATION | |
| fixed length control field | 141019s1977 enka b 001 0 eng |
| 020 ## - INTERNATIONAL STANDARD BOOK NUMBER | |
| International Standard Book Number | 0582484294 : |
| -- | 0582484308 |
| 035 ## - SYSTEM CONTROL NUMBER | |
| System control number | (BD-RjUL)37241 |
| 040 ## - CATALOGING SOURCE | |
| Original cataloging agency | DLC |
| Transcribing agency | DLC |
| Modifying agency | DLC |
| Language of cataloging | eng |
| 041 ## - LANGUAGE CODE | |
| Language code of text/sound track or separate title | eng |
| 082 00 - DEWEY DECIMAL CLASSIFICATION NUMBER | |
| Classification number | 551.4 |
| Author mark and year | RIF 1977 |
| 100 1# - MAIN ENTRY--PERSONAL NAME | |
| Personal name | Rice, R. J. |
| Fuller form of name | (Roger John), |
| Dates associated with a name | 1931- |
| 9 (RLIN) | 113570 |
| 245 10 - TITLE STATEMENT | |
| Title | Fundamentals of geomorphology / |
| Statement of responsibility, etc. | R. J. Rice. |
| 260 ## - PUBLICATION, DISTRIBUTION, ETC. (IMPRINT) | |
| Place of publication, distribution, etc. | London ; |
| -- | New York : |
| Name of publisher, distributor, etc. | Longman, |
| Date of publication, distribution, etc. | 1977. |
| 300 ## - PHYSICAL DESCRIPTION | |
| Pagination | vii, 387 p. : |
| Illustrations | ill. ; |
| Size | 19 x 24 cm. |
| 500 ## - GENERAL NOTE | |
| General note | Includes index. |
| 504 ## - BIBLIOGRAPHY, ETC. NOTE | |
| Bibliography, etc | Bibliography: p. 373-374. |
| 650 #0 - SUBJECT ADDED ENTRY--TOPICAL TERM | |
| Topical term or geographic name as entry element | Geomorphology. |
| 9 (RLIN) | 113571 |
| 942 ## - ADDED ENTRY ELEMENTS (KOHA) | |
| Source of classification or shelving scheme | Dewey Decimal Classification |
| Koha item type | Books |
| Lost status | Source of classification or shelving scheme | Damaged status | Not for loan | Collection code | Permanent Location | Current Location | Shelving location | Date acquired | Total Checkouts | Full call number | Date last seen | Copy number | Koha item type |
|---|---|---|---|---|---|---|---|---|---|---|---|---|---|
| Dewey Decimal Classification | Not For Loan | Non-fiction | Institute of Biological Sciences (IBSc) Library | Institute of Biological Sciences (IBSc) Library | 19/10/2014 | 551.4 RIF 1977 | 19/10/2014 | C-1 | Books |